000 00396nam a2200133Ia 4500
005 20260328101507.0
008 260328s9999||||xx |||||||||||||| ||und||
100 _aRiba, Daniel
245 0 _aEl Enigma de los primeros Constructores :
_b Una Nueva organización Social estalló en la Construcción /
_cDaniel Riba
260 _bLibro express
300 _a286 p.
650 _aHISTORIA
942 _cBK
999 _c9070
_d9070